| 000 | 00582nam a2200193Ia 4500 | ||
|---|---|---|---|
| 003 | GCL | ||
| 008 | 140319s9999 xx 000 0 ara d | ||
| 040 |
_aGCL / _cGCL |
||
| 082 | 0 | 4 |
_aق _b953.082 _bس ا |
| 100 | 1 | _aسعيد عبدالفتاح عاشور | |
| 245 | 1 | 0 |
_aمصر فى عصر دولة المماليك البحرية / _cسعيد عبدالفتاح عاشور |
| 300 | _a247 ص | ||
| 490 |
_aالالف كتاب _v0 |
||
| 650 | 0 | 4 | _aمصر |
| 650 | 0 | 4 | _aالتاريخ |
| 650 | 0 | 4 | _aالمماليك |
| 650 | 0 | 4 | _aالمماليك البحرية |
| 942 |
_2ddc _cBK |
||
| 999 |
_c45363 _d45363 |
||